<?xml version="1.0" encoding="UTF-8"?>
<collection xmlns="http://www.loc.gov/MARC21/slim">
 <record>
  <leader>02230nab a2200205 i 4500</leader>
  <controlfield tag="001">acta22687</controlfield>
  <controlfield tag="005">20210413110732.0</controlfield>
  <controlfield tag="008">161017s2005    hu      o     0||   eng d</controlfield>
  <datafield tag="022" ind1=" " ind2=" ">
   <subfield code="a">1588-385X</subfield>
  </datafield>
  <datafield tag="040" ind1=" " ind2=" ">
   <subfield code="a">SZTE Egyetemi Kiadványok Repozitórium</subfield>
   <subfield code="b">hun</subfield>
  </datafield>
  <datafield tag="041" ind1=" " ind2=" ">
   <subfield code="a">eng</subfield>
  </datafield>
  <datafield tag="100" ind1="1" ind2=" ">
   <subfield code="a">Király Lóránt</subfield>
  </datafield>
  <datafield tag="245" ind1="1" ind2="0">
   <subfield code="a">Induction of hypersensitive necrosis at high temperatures by generation of reactive oxygen forms in virus resistant tobacco</subfield>
   <subfield code="h">[elektronikus dokumentum] /</subfield>
   <subfield code="c"> Király Lóránt</subfield>
  </datafield>
  <datafield tag="260" ind1=" " ind2=" ">
   <subfield code="c">2005</subfield>
  </datafield>
  <datafield tag="300" ind1=" " ind2=" ">
   <subfield code="a">85-87</subfield>
  </datafield>
  <datafield tag="490" ind1="0" ind2=" ">
   <subfield code="a">Acta biologica Szegediensis</subfield>
   <subfield code="v">49 No. 1-2</subfield>
  </datafield>
  <datafield tag="520" ind1="3" ind2=" ">
   <subfield code="a">Tobacco (Nicotiana tabacum cv. Xanthi nc) resistant to Tobacco mosaic virus (TMV) displays a hypersensitive response (HR) following virus infection, characterized by localized necrotic lesions around infection sites at ambient temperatures (e.g. 20°C). We have demonstrated that application of chemical compounds that generate reactive oxygen species (ROS), such as the riboflavin/methionine and glucose/glucose oxidase systems or H2O2  treatment induce HR-type necroses in leaves of Xanthi-nc tobacco infected with TMV even at high temperatures (30°C), when both necrosis and virus resistance are impaired. It was possible to suppress chemically induced HR-type necrotization at 30°C by application of antioxidants like superoxide dismutase (SOD) and catalase (CAT). Importantly, high TMV levels at 30°C did not differ in infected plants, regardless of the presence or absence of HR-type necrotization. Levels of one of the ROS, superoxide (O2·-), activity of NADPH-oxidase and expression of a tobacco NADPH-oxidase gene responsible for O2·-production were significantly lower in leaves of infected and healthy Xanthi-nc tobacco at 30°C, as compared to 20°C. It is concluded that development of HR-type necroses caused by TMV infection depends on a certain level of superoxide and other ROS, while suppression of virus multiplication in resistant tobacco is associated with low temperature but seems to be independent of HR-type necrotization.</subfield>
  </datafield>
  <datafield tag="695" ind1=" " ind2=" ">
   <subfield code="a">Természettudomány, Biológia</subfield>
  </datafield>
  <datafield tag="710" ind1=" " ind2=" ">
   <subfield code="a">Hungarian Congress on Plant Physiology, 8., 2005, Szeged</subfield>
  </datafield>
  <datafield tag="856" ind1="4" ind2="0">
   <subfield code="u">http://acta.bibl.u-szeged.hu/22687/1/4985.pdf</subfield>
   <subfield code="z">Dokumentum-elérés </subfield>
  </datafield>
 </record>
</collection>
